| 000 | 00391pab a2200157 454500 | ||
|---|---|---|---|
| 008 | 180718b2012 xxu||||| |||| 00| 0 eng d | ||
| 100 | _aMacCarthaigh, Muiris | ||
| 245 | _aRenewing public administration research and practice | ||
| 260 | _c2012 | ||
| 300 | _ap.3-6. | ||
| 650 | _aResearch | ||
| 650 | _aPublic administration | ||
| 773 | _aAdministration | ||
| 908 | _aN | ||
| 909 | _a94545 | ||
| 999 |
_c94545 _d94545 |
||